Amanat presiden : (Record no. 1542)

000 -LEADER
fixed length control field nam a22 a 4500
003 - CONTROL NUMBER IDENTIFIER
control field AKMAL
005 - DATE AND TIME OF LATEST TRANSACTION
control field 20170511091654.0
008 - FIXED-LENGTH DATA ELEMENTS--GENERAL INFORMATION
fixed length control field 170511s2009 my a e | 000 0 may d
020 ## - INTERNATIONAL STANDARD BOOK NUMBER
International Standard Book Number 9789679695953 (kkt.)
040 ## - CATALOGING SOURCE
Original cataloging agency AKMAL
Transcribing agency AKMAL
082 04 - DEWEY DECIMAL CLASSIFICATION NUMBER
Classification number 320.9595 AMA
Edition number 22
090 00 - LOCALLY ASSIGNED LC-TYPE CALL NUMBER (OCLC); LOCAL CALL NUMBER (RLIN)
Classification number (OCLC) (R) ; Classification number, CALL (RLIN) (NR) 320.9595 AMA
Local cutter number (OCLC) ; Book number/undivided call number, CALL (RLIN) AMA
100 0# - MAIN ENTRY--PERSONAL NAME
Personal name Mahathir Mohamad,
Titles and words associated with a name Tun,
Dates associated with a name 1925-
9 (RLIN) 41
245 10 - TITLE STATEMENT
Title Amanat presiden :
Remainder of title demi agama, bangsa dan negara : 1981-2003 /
Statement of responsibility, etc. Tun Dr. Mahathir Mohamad ; disusun dan diselenggara oleh Abdul Rahman Abdul Aziz, Mustapa Kassim
260 ## - PUBLICATION, DISTRIBUTION, ETC.
Place of publication, distribution, etc. Kuala Lumpur :
Name of publisher, distributor, etc. Berita Pub.,
Date of publication, distribution, etc. 2009
300 ## - PHYSICAL DESCRIPTION
Extent lxxxiv, 604ms. :
Other physical details il. ;
Dimensions 23cm.
490 1# - SERIES STATEMENT
Series statement Siri amanat presiden UMNO 1946-2009
610 2# - SUBJECT ADDED ENTRY--CORPORATE NAME
Corporate name or jurisdiction name as entry element UMNO
9 (RLIN) 6
650 10 - SUBJECT ADDED ENTRY--TOPICAL TERM
Topical term or geographic name entry element Speeches, addresses, etc.
9 (RLIN) 54
650 20 - SUBJECT ADDED ENTRY--TOPICAL TERM
Topical term or geographic name entry element Political parties
Geographic subdivision Malaysia
9 (RLIN) 3084
650 20 - SUBJECT ADDED ENTRY--TOPICAL TERM
Topical term or geographic name entry element Prime ministers
Geographic subdivision Malaysia
9 (RLIN) 7
651 #0 - SUBJECT ADDED ENTRY--GEOGRAPHIC NAME
Geographic name Malaysia
General subdivision Politics and government
9 (RLIN) 44
700 0# - ADDED ENTRY--PERSONAL NAME
Personal name Abdul Rahman Abdul Aziz
9 (RLIN) 3090
700 0# - ADDED ENTRY--PERSONAL NAME
Personal name Mustapa Kassim
9 (RLIN) 3091
830 #0 - SERIES ADDED ENTRY--UNIFORM TITLE
Uniform title Siri amanat presiden UMNO 1946-2009
9 (RLIN) 3092
942 ## - ADDED ENTRY ELEMENTS (KOHA)
Source of classification or shelving scheme
Koha item type Book
Holdings
Withdrawn status Lost status Source of classification or shelving scheme Damaged status Not for loan Collection code Home library Current library Shelving location Date acquired Inventory number Total Checkouts Full call number Barcode Date last seen Price effective from Koha item type
          NON-FICTION AKMAL Melaka AKMAL Melaka PINJAMAN 11.05.2017 306366   320.9595 AMA 201702939 11.05.2017 11.05.2017 Book
Pusat Sumber Maklumat Dato' Haji Sarmin Md Hussin, Akademi Kastam Diraja Malaysia, Melaka
Tel: 06-2331106 | Faks: 06-2313787